Países que empiezan por la A - Estadísticas

Estadísticas generales
  • Esta prueba ha sido intentada 168 veces
  • La puntuación promedio es 10 de 13
Estadísticas de respuestas
Respuesta % Correcto
Argentina
89%
Australia
86%
Andorra
85%
Afganistán
83%
Alemania
83%
Angola
81%
Albania
80%
Armenia
80%
Austria
80%
Azerbaiyán
76%
Argelia
75%
Antigua y Barbuda
73%
Arabia Saudita
64%
No se encontraron pruebas coincidentes
Distribución de puntuación
Porcentaje de gente con cada puntuación
Porcentaje por número respondido
Historial de tus puntuaciones
No has intentado esta prueba.